Tak Sempurna Mencintaimu

Bibliographic Details
Main Author: Rehan Makhtar (Author)
Corporate Author: Jabatan Editorial Karyaseni (Editor)
Format: Book
Language:Malay
Published: Cheras, Selangor : PENERBITAN KARYASENI SDN. BHD. 2018
Edition:First edition
Subjects:

MARC

LEADER 00000cam a2200000 7i4500
001 0000029634
005 20241128.0
008 211229 my may
020 |a 9789674690830 
040 |a INS   |b eng   |e rda 
090 0 0 |a PL5186.R44   |b T35 2018 
100 0 |a Rehan Makhtar ,   |e author 
245 1 0 |a Tak Sempurna Mencintaimu   |c Rehan Makhtar ; Editor: Jabatan Editorial Karyaseni 
250 |a First edition 
264 1 |a Cheras, Selangor :   |b PENERBITAN KARYASENI SDN. BHD.   |c 2018 
300 |a iii, 442 pages ;   |c 19 cm. 
336 |a text  |2 rdacontent 
337 |a unmediated  |2 rdamedia 
338 |a volume  |2 rdacarrier 
650 0 |a Malay fiction 
710 2 |a Jabatan Editorial Karyaseni   |e editor 
999 |a 1000004424   |b BOOK   |c Open Shelf   |e Default branch